00297nam a2200121Ia 4500008004100000041001200041082001100053100000800064245005000072260003300122300000800155650001200163221030s9999 xx 000 0 und d aEnglish a105.23 aIbm 4aThe Great Mind Challenge for Businesscby Ibm bIBM India Ltd.aBangalorec0 a237 aGeneral